000 00927cam a2200217 4500
001 WB3821-10
008 020612n2002 000 0 eng u
035 _a(Sirsi) u118382
245 _aSub-contracting guidance for PFI
260 _c2002
490 _aInside Housing
_v 7 June 2002, 7(1)
520 _aNew guidance issued by 4Ps is designed to streamline the housing private finance initiative (PFI) by freeing PFI operators to hire housing managers. S27 of the Housing Act 1985 gives local authorities no powers to agree to the kind of sub-contracting arrangements common under PFI. Updated guidance available at http://www.4ps.co.uk/news/draffinal.pdf
590 _aWB
650 _aPFI
650 _aHOUSING
650 _aHOUSING MANAGERS
650 _aPUBLIC PRIVATE PARTNERSHIP PROGRAMME
650 _aHOUSING ACT 1985 S27
690 _aMANAGEMENT-BUSINESS MANAGEMENT-FINANCIAL MANAGEMENT
942 _n0
999 _c70463
_d70463